[Event "Uljanovsk Sidorov Memorial"]
[Site "Uljanovsk"]
[Date "2013.07.13"]
[Round "8"]
[White "Elkina, Yuliya"]
[Black "Bezvitelnov, Dmitriy"]
[Result "0-1"]
[WhiteElo "1635"]
[BlackElo "1810"]
[PlyCount "98"]
[EventDate "2013.07.11"]
[EventType "swiss"]
[EventRounds "9"]
[EventCountry "RUS"]
[SourceTitle "EXT 2014"]
[Source "ChessBase"]
[SourceDate "2013.11.20"]
[SourceVersion "1"]
[SourceVersionDate "2013.11.20"]
[SourceQuality "1"]

1. f4 d5 2. Nf3 Nf6 3. b3 c5 4. e3 Nc6 5. Bb5 e6 6. Bb2 Be7 7. Bxc6+ bxc6 8. Ne5 Qb6 9. 0-0 0-0 10. Rf3 Nd7 11. Rg3 Nxe5 12. Bxe5 f6 13. Qg4 Rf7 14. Bb2 e5 15. Qe2 exf4 16. exf4 Bf5 17. d3 c4+ 18. Kh1 cxd3 19. cxd3 Bd6 20. Qf1 Re8 21. Nc3 Qb8 22. Rf3 Rfe7 23. g3 Bg4 24. Rf2 Bc5 25. Rd2 Be3 26. Rc2 d4 27. Ne4 f5 28. Nf2 Bf3+ 29. Kg1 Qb4 30. h4 Bxf2+ 31. Qxf2 Re1+ 32. Kh2 R1e2 33. a3 Rxf2+ 34. Rxf2 Qxb3 35. Bxd4 Qxd3 36. Bxa7 Re2 37. Raf1 Rxf2+ 38. Rxf2 Qxa3 39. Bc5 Qxc5 40. Rxf3 Qb4 41. Rf2 c5 42. Re2 c4 43. Re8+ Kf7 44. Rc8 Qb2+ 45. Kh3 Qf2 46. Rc7+ Ke6 47. g4 fxg4+ 48. Kxg4 Qg2+ 49. Kh5 Qg6# 0-1

[Event "Uljanovsk Sidorov Memorial"]
[Site "Uljanovsk"]
[Date "2013.07.13"]
[Round "6"]
[White "Sokolov, Anton V"]
[Black "Bezvitelnov, Dmitriy"]
[Result "0-1"]
[WhiteElo "1695"]
[BlackElo "1810"]
[PlyCount "76"]
[EventDate "2013.07.11"]
[EventType "swiss"]
[EventRounds "9"]
[EventCountry "RUS"]
[SourceTitle "EXT 2014"]
[Source "ChessBase"]
[SourceDate "2013.11.20"]
[SourceVersion "1"]
[SourceVersionDate "2013.11.20"]
[SourceQuality "1"]

1. e4 e5 2. Nf3 Nf6 3. Nxe5 Nxe4 4. Qe2 Qe7 5. Qxe4 d6 6. d4 dxe5 7. Qxe5 Qxe5+ 8. dxe5 Bf5 9. Bd3 Bxd3 10. cxd3 Nc6 11. 0-0 0-0-0 12. Bg5 Rxd3 13. f4 Bc5+ 14. Kh1 Bd4 15. Nc3 Bxc3 16. bxc3 Rxc3 17. Rac1 Rxc1 18. Rxc1 Nd4 19. Be7 b6 20. a4 c5 21. a5 Kd7 22. Bd6 Kc6 23. Ra1 Nf5 24. axb6 axb6 25. Ra7 Nxd6 26. exd6 Rf8 27. g3 Kxd6 28. Kg2 b5 29. Kf3 b4 30. Ke4 Re8+ 31. Kd3 Re7 32. Ra8 Kc6 33. Kc4 Re4+ 34. Kb3 Re3+ 35. Kc2 Kd5 36. Kd2 Ra3 37. Rb8 Kc4 38. Kc2 b3+ 0-1

[Event "Uljanovsk Sidorov Memorial"]
[Site "Uljanovsk"]
[Date "2013.07.12"]
[Round "5"]
[White "Bezvitelnov, Dmitriy"]
[Black "Akimov, Gennadiy"]
[Result "1/2-1/2"]
[WhiteElo "1810"]
[BlackElo "1920"]
[PlyCount "63"]
[EventDate "2013.07.11"]
[EventType "swiss"]
[EventRounds "9"]
[EventCountry "RUS"]
[SourceTitle "EXT 2014"]
[Source "ChessBase"]
[SourceDate "2013.11.20"]
[SourceVersion "1"]
[SourceVersionDate "2013.11.20"]
[SourceQuality "1"]

1. d4 e6 2. c4 Nf6 3. Nc3 Be7 4. e4 c6 5. Nf3 d5 6. e5 Nfd7 7. Be2 dxc4 8. Bxc4 Nb6 9. Bd3 Nd5 10. 0-0 Nd7 11. Nxd5 exd5 12. Qc2 h6 13. Be3 Nf8 14. Nd2 Ne6 15. f4 0-0 16. f5 Bg5 17. Bxg5 Nxg5 18. Nf3 Nxf3+ 19. Rxf3 Qh4 20. Qf2 Qxf2+ 21. Kxf2 Re8 22. f6 Be6 23. Rc1 g6 24. Re3 a6 25. a4 a5 26. Re2 h5 27. Rec2 Kh7 28. Rb1 Bc8 29. b4 axb4 30. Rxb4 Kh6 31. h4 Ra7 32. g3 1/2-1/2

[Event "Ulstudents-ch op"]
[Site "Russia"]
[Date "2012.03.31"]
[Round "4"]
[White "Bezvitelnov, Dmitriy"]
[Black "Uryadov, Sergey S"]
[Result "1/2-1/2"]
[WhiteElo "1804"]
[BlackElo "1943"]
[PlyCount "92"]
[EventDate "2012.03.24"]
[EventType "swiss"]
[EventRounds "9"]
[EventCountry "RUS"]
[SourceTitle "EXT 2014"]
[Source "ChessBase"]
[SourceDate "2013.11.20"]
[SourceVersion "1"]
[SourceVersionDate "2013.11.20"]
[SourceQuality "1"]

1. d4 Nf6 2. Nf3 e6 3. c4 c5 4. e3 d5 5. Nc3 Nc6 6. Be2 Be7 7. 0-0 0-0 8. b3 b6 9. Bb2 Bb7 10. Rc1 dxc4 11. Bxc4 cxd4 12. Nxd4 Nxd4 13. Qxd4 Qxd4 14. exd4 Rfd8 15. Rfd1 Rac8 16. f3 Bd6 17. Ne2 Nd5 18. Kf2 h5 19. g3 g5 20. Nc3 Nf6 21. Re1 a6 22. Ne4 Nxe4+ 23. fxe4 Bb4 24. Red1 Bxe4 25. a3 Bf8 26. Bxa6 Ra8 27. Be2 Bxa3 28. Bxa3 Rxa3 29. Bxh5 Rxb3 30. Rc7 Rf8 31. Ra1 Kg7 32. Raa7 Bg6 33. Bg4 Kf6 34. Rab7 Ra8 35. Ra7 Rxa7 36. Rxa7 Rb2+ 37. Kg1 b5 38. Bf3 b4 39. Rb7 Bf5 40. Bh5 Bg6 41. Bf3 Rb3 42. Kf2 Rb2+ 43. Ke3 Rxh2 44. Rxb4 Bh5 45. g4 Bg6 46. Rb6 Kg7 1/2-1/2

[Event "Dimitrovgrad-ch"]
[Site "Dimitrovgrad"]
[Date "2012.02.25"]
[Round "8"]
[White "Bezvitelnov, Dmitriy"]
[Black "Alyev, Timur"]
[Result "1/2-1/2"]
[WhiteElo "1780"]
[BlackElo "1667"]
[PlyCount "76"]
[EventDate "2012.02.19"]
[EventType "swiss"]
[EventRounds "9"]
[EventCountry "RUS"]
[SourceTitle "CBM 147 Extra"]
[Source "ChessBase"]
[SourceDate "2012.04.24"]
[SourceVersion "1"]
[SourceVersionDate "2012.04.24"]
[SourceQuality "1"]

1. d4 c5 2. d5 d6 3. e4 e5 4. Nc3 f5 5. Bd3 fxe4 6. Nxe4 Be7 7. Be3 Nd7 8. Qh5+ g6 9. Qf3 Ngf6 10. Nxf6+ Nxf6 11. Bb5+ Bd7 12. Bxd7+ Qxd7 13. 0-0-0 b5 14. Nh3 h6 15. Qg3 Qf5 16. f3 g5 17. Nf2 Rg8 18. Ng4 Nxg4 19. fxg4 Qg6 20. Rhf1 Kd7 21. Rf5 Bf6 22. Qf2 Be7 23. Qe2 a6 24. Rdf1 Rgf8 25. Rxf8 Bxf8 26. Rf5 Be7 27. Qf2 Qg8 28. Qf3 Rf8 29. b3 Qg7 30. Rxf8 Qxf8 31. Qxf8 Bxf8 32. Kd2 Bg7 33. Kd3 Ke7 34. Ke4 Kf6 35. c4 b4 36. g3 Bf8 37. h4 Be7 38. Bc1 a5 1/2-1/2

[Event "Dimitrovgrad-ch"]
[Site "Dimitrovgrad"]
[Date "2012.02.23"]
[Round "6"]
[White "Bezvitelnov, Dmitriy"]
[Black "Akimov, Gennadiy"]
[Result "1-0"]
[WhiteElo "1780"]
[BlackElo "1943"]
[PlyCount "91"]
[EventDate "2012.02.19"]
[EventType "swiss"]
[EventRounds "9"]
[EventCountry "RUS"]
[SourceTitle "CBM 147 Extra"]
[Source "ChessBase"]
[SourceDate "2012.04.24"]
[SourceVersion "1"]
[SourceVersionDate "2012.04.24"]
[SourceQuality "1"]

1. d4 c5 2. d5 d6 3. Nf3 e5 4. e4 f5 5. Nc3 Nf6 6. Bg5 Be7 7. Bxf6 Bxf6 8. Bb5+ Bd7 9. Bxd7+ Qxd7 10. Qd3 f4 11. 0-0-0 a6 12. a4 0-0 13. g3 Rc8 14. Qc4 g5 15. gxf4 exf4 16. Nxg5 b5 17. axb5 axb5 18. Qxb5 Bxg5 19. Rdg1 Ra1+ 20. Kd2 Rxg1 21. Rxg1 Qxb5 22. Nxb5 h6 23. h4 Rd8 24. hxg5 h5 25. Rh1 Na6 26. Rxh5 c4 27. Rh6 Nc5 28. f3 Nb7 29. Kc3 Kg7 30. Kxc4 Rc8+ 31. Kd3 Rd8 32. c4 Rd7 33. Nxd6 Nxd6 34. Rxd6 Rxd6 35. c5 Rd8 36. c6 Kf7 37. b4 Ke7 38. Kd4 Rg8 39. e5 Rxg5 40. d6+ Ke6 41. c7 Kd7 42. b5 Rg1 43. e6+ Kc8 44. Kc5 Rc1+ 45. Kb6 Re1 46. d7# 1-0

[Event "Dimitrovgrad-ch"]
[Site "Dimitrovgrad"]
[Date "2012.02.23"]
[Round "5"]
[White "Hafijtullin, Gazimbek"]
[Black "Bezvitelnov, Dmitriy"]
[Result "1/2-1/2"]
[WhiteElo "1778"]
[BlackElo "1780"]
[PlyCount "55"]
[EventDate "2012.02.19"]
[EventType "swiss"]
[EventRounds "9"]
[EventCountry "RUS"]
[SourceTitle "CBM 147 Extra"]
[Source "ChessBase"]
[SourceDate "2012.04.24"]
[SourceVersion "1"]
[SourceVersionDate "2012.04.24"]
[SourceQuality "1"]

1. e4 e5 2. Bc4 Nf6 3. Nf3 Nc6 4. Nc3 Nxe4 5. Bxf7+ Kxf7 6. Nxe4 d5 7. Ng3 e4 8. Ng1 Bc5 9. d3 exd3 10. Qxd3 Ne5 11. Qb3 Re8 12. N1e2 Be6 13. Bf4 Ng6 14. 0-0 Kg8 15. Rad1 Rf8 16. Be3 Bxe3 17. Qxe3 Qf6 18. Nh5 Qf7 19. c3 Bg4 20. Nhg3 Rae8 21. Qd2 Bxe2 22. Nxe2 c6 23. Nd4 Nf4 24. Rde1 Qg6 25. f3 Qh6 26. Qc2 Ne6 27. Qf2 Nxd4 28. Qxd4 1/2-1/2

[Event "Dimitrovgrad-ch"]
[Site "Dimitrovgrad"]
[Date "2012.02.19"]
[Round "1"]
[White "Eralashkin, Vadim"]
[Black "Bezvitelnov, Dmitriy"]
[Result "1/2-1/2"]
[WhiteElo "1722"]
[BlackElo "1780"]
[PlyCount "59"]
[EventDate "2012.02.19"]
[EventType "swiss"]
[EventRounds "9"]
[EventCountry "RUS"]
[SourceTitle "CBM 147 Extra"]
[Source "ChessBase"]
[SourceDate "2012.04.24"]
[SourceVersion "1"]
[SourceVersionDate "2012.04.24"]
[SourceQuality "1"]

1. d4 Nf6 2. c4 e5 3. Nf3 e4 4. Nfd2 d5 5. e3 c6 6. a3 Bd6 7. Nc3 Be6 8. cxd5 cxd5 9. b4 0-0 10. Nb3 Nbd7 11. Nc5 Qb8 12. h3 b6 13. Nxe6 fxe6 14. Bb5 Rc8 15. Bb2 Nf8 16. 0-0 a6 17. Be2 N8d7 18. f3 exf3 19. Bxf3 Ra7 20. Re1 Bg3 21. Re2 b5 22. e4 dxe4 23. Nxe4 Nxe4 24. Rxe4 Nf8 25. d5 Rd7 26. Rg4 Be5 27. Qb3 Qa7+ 28. Kh1 Bxb2 29. Qxb2 exd5 30. Rd1 1/2-1/2

[Event "Dimitrovgrad Petrosian Memorial op"]
[Site "Dimitrovgrad"]
[Date "2011.07.03"]
[Round "8"]
[White "Bezvitelnov, Dmitriy"]
[Black "Sychov, Sergey"]
[Result "0-1"]
[WhiteElo "1715"]
[BlackElo "2002"]
[PlyCount "50"]
[EventDate "2011.06.18"]
[EventType "swiss"]
[EventRounds "9"]
[EventCountry "RUS"]
[SourceTitle "EXT 2012"]
[Source "ChessBase"]
[SourceDate "2011.11.24"]
[SourceVersion "1"]
[SourceVersionDate "2011.11.24"]
[SourceQuality "1"]

1. d4 d5 2. c4 e5 3. dxe5 d4 4. Nf3 Nc6 5. g3 Bg4 6. Bg2 Qd7 7. h3 Bf5 8. a3 0-0-0 9. b4 Nge7 10. b5 Nb8 11. Bb2 c5 12. Nbd2 Ng6 13. Qb3 Qc7 14. 0-0-0 Nxe5 15. Nxe5 Qxe5 16. Qf3 Rd7 17. e3 Be7 18. exd4 cxd4 19. g4 Bg6 20. h4 h6 21. Rhe1 Qc5 22. a4 Bh7 23. Qxf7 Rf8 24. Qxg7 Bg5 25. Qxd4 Rxd4 0-1

[Event "Dimitrovgrad Petrosian Memorial op"]
[Site "Dimitrovgrad"]
[Date "2011.06.26"]
[Round "6"]
[White "Tarasov, Alexandr"]
[Black "Bezvitelnov, Dmitriy"]
[Result "0-1"]
[WhiteElo "1748"]
[BlackElo "1715"]
[PlyCount "79"]
[EventDate "2011.06.18"]
[EventType "swiss"]
[EventRounds "9"]
[EventCountry "RUS"]
[SourceTitle "EXT 2012"]
[Source "ChessBase"]
[SourceDate "2011.11.24"]
[SourceVersion "1"]
[SourceVersionDate "2011.11.24"]
[SourceQuality "1"]

1. e4 e5 2. Nf3 Nf6 3. d3 Nc6 4. Be2 h6 5. h3 Be7 6. 0-0 0-0 7. Be3 d6 8. Nc3 Be6 9. d4 exd4 10. Nxd4 Nxd4 11. Qxd4 d5 12. exd5 Nxd5 13. Nxd5 Qxd5 14. Bf3 Qxd4 15. Bxd4 c6 16. Rfe1 Bf6 17. Bxf6 gxf6 18. Bg4 f5 19. Bf3 Rad8 20. Rad1 Kg7 21. b3 Kf6 22. Kf1 Rfe8 23. a4 a5 24. Rxd8 Rxd8 25. Re3 Rd2 26. Rc3 Rd7 27. Rc5 Bd5 28. Bxd5 Rxd5 29. Rxd5 cxd5 30. f4 d4 31. Ke2 Ke6 32. Kd3 Kd5 33. g4 fxg4 34. hxg4 f6 35. f5 b6 36. c4+ dxc3 37. Kxc3 Ke4 38. Kc4 Kf4 39. Kd5 Kxg4 40. Ke6 0-1

[Event "Uljanovsk Volga op"]
[Site "Uljanovsk"]
[Date "2011.01.07"]
[Round "8"]
[White "Bezvitelnov, Dmitriy"]
[Black "Anikin, Victor"]
[Result "1-0"]
[WhiteElo "1712"]
[BlackElo "1862"]
[PlyCount "89"]
[EventDate "2011.01.03"]
[EventType "swiss"]
[EventRounds "9"]
[EventCountry "RUS"]
[SourceTitle "CBM 140 Extra"]
[Source "ChessBase"]
[SourceDate "2011.03.01"]
[SourceVersion "1"]
[SourceVersionDate "2011.03.01"]
[SourceQuality "1"]

1. d4 Nf6 2. Nf3 g6 3. c4 Bg7 4. Nc3 d6 5. e4 0-0 6. Be3 Nbd7 7. Be2 c5 8. d5 Ng4 9. Bd2 a6 10. 0-0 Rb8 11. a4 a5 12. h3 Ngf6 13. Qc1 h5 14. Bh6 Nh7 15. Bxg7 Kxg7 16. Nb5 Rh8 17. Qc3+ f6 18. Nd2 Ng5 19. f4 Nf7 20. Qg3 h4 21. Qe3 Nf8 22. Nf3 Bd7 23. e5 Bxb5 24. axb5 b6 25. e6 Nh6 26. Nxh4 Qe8 27. Qg3 Ng8 28. Bd3 Nh6 29. Nxg6 Nxg6 30. f5 Ng8 31. Rf4 Kf8 32. fxg6 Kg7 33. h4 Rh5 34. Qh3 Re5 35. g4 Nh6 36. Re4 Rxe4 37. Bxe4 Qh8 38. Rf1 Rf8 39. g5 Ng8 40. h5 fxg5 41. Rf7+ Rxf7 42. exf7 Nh6 43. Qc3+ Kf8 44. Qxh8+ Ng8 45. Qxg8# 1-0

[Event "Dimitrovgrad Teenagers op"]
[Site "Dimitrovgrad"]
[Date "2010.08.21"]
[Round "5"]
[White "Bezvitelnov, Dmitriy"]
[Black "Abbasov, Orudj"]
[Result "1-0"]
[WhiteElo "1698"]
[BlackElo "1702"]
[PlyCount "35"]
[EventDate "2010.08.18"]
[EventType "swiss"]
[EventRounds "7"]
[EventCountry "RUS"]
[SourceTitle "CBM 138 Extra"]
[Source "ChessBase"]
[SourceDate "2010.10.29"]
[SourceVersion "1"]
[SourceVersionDate "2010.10.29"]
[SourceQuality "1"]

1. c4 c6 2. Nc3 d5 3. d4 Nf6 4. Bf4 e6 5. e3 Bd6 6. Bg3 Bxg3 7. hxg3 Nbd7 8. Nf3 b6 9. Bd3 Bb7 10. cxd5 exd5 11. Qc2 h6 12. Nh4 Nf8 13. 0-0-0 b5 14. e4 Ne6 15. Nf3 b4 16. exd5 cxd5 17. Qa4+ Qd7 18. Bb5 1-0

[Event "Dimitrovgrad Teenagers op"]
[Site "Dimitrovgrad"]
[Date "2010.08.19"]
[Round "2"]
[White "Mirzaev, Aziz"]
[Black "Bezvitelnov, Dmitriy"]
[Result "1-0"]
[WhiteElo "1964"]
[BlackElo "1698"]
[PlyCount "74"]
[EventDate "2010.08.18"]
[EventType "swiss"]
[EventRounds "7"]
[EventCountry "RUS"]
[SourceTitle "CBM 138 Extra"]
[Source "ChessBase"]
[SourceDate "2010.10.29"]
[SourceVersion "1"]
[SourceVersionDate "2010.10.29"]
[SourceQuality "1"]

1. d4 d5 2. Nf3 c6 3. g3 Bf5 4. Bg2 e6 5. 0-0 Nf6 6. Nbd2 Nbd7 7. c3 Bd6 8. Re1 h5 9. Nh4 Qc7 10. f4 0-0-0 11. b4 Ng4 12. Nf1 Be7 13. Nf3 Ndf6 14. h3 Nh6 15. N1d2 Ne4 16. Nxe4 Bxe4 17. Be3 Nf5 18. Bf2 Rdg8 19. h4 Bxh4 20. Nxh4 Nxh4 21. Bxe4 dxe4 22. gxh4 Qxf4 23. e3 Qf5 24. Qe2 g5 25. Kh2 gxh4 26. Bxh4 Rg4 27. Qf2 Qg6 28. Rg1 f5 29. Rg2 Qf7 30. Rag1 Rhg8 31. Rxg4 hxg4 32. Qf4 Qg6 33. Bg3 Rh8+ 34. Kg2 Rh7 35. Qb8+ Kd7 36. Qxb7+ Kd8 37. Qb8+ Ke7 1-0

[Event "Dimitrovgrad Petrosian Memorial op"]
[Site "Dimitrovgrad"]
[Date "2010.06.20"]
[Round "7"]
[White "Kuzin, Nikolay"]
[Black "Bezvitelnov, Dmitriy"]
[Result "1-0"]
[WhiteElo "2016"]
[BlackElo "1684"]
[PlyCount "101"]
[EventDate "2010.06.12"]
[EventType "swiss"]
[EventRounds "9"]
[EventCountry "RUS"]
[SourceTitle "CBM 137 Extra"]
[Source "ChessBase"]
[SourceDate "2010.09.01"]
[SourceVersion "1"]
[SourceVersionDate "2010.09.01"]
[SourceQuality "1"]

1. g3 Nf6 2. Bg2 e5 3. d3 d5 4. Nd2 Nc6 5. e4 d4 6. h3 Be6 7. Ne2 Bd6 8. Nf1 h6 9. f4 g6 10. Nh2 Qe7 11. Nf3 Nd7 12. fxe5 Bxe5 13. a3 0-0-0 14. Nxe5 Ndxe5 15. Nf4 Qg5 16. Ne2 Qe7 17. Nf4 Qg5 18. Ne2 Qe7 19. Ng1 f5 20. Qe2 fxe4 21. Bxe4 Bd5 22. Bd2 Bxe4 23. Qxe4 g5 24. 0-0-0 Rhf8 25. h4 Rf2 26. hxg5 hxg5 27. Nh3 Rff8 28. Bxg5 Qf7 29. Kb1 Rd7 30. Bf4 Qf5 31. Qxf5 Rxf5 32. Ng5 Ng6 33. Bc1 Rd8 34. Ne6 Rd6 35. Nf4 Nce5 36. Rde1 Rd8 37. Rh7 Rd7 38. Reh1 Rff7 39. R7h6 Rd6 40. R1h5 Rg7 41. Rg5 Kd7 42. Nxg6 Rgxg6 43. Rxe5 Rxh6 44. Bxh6 Rxh6 45. Rd5+ Rd6 46. Rxd6+ Kxd6 47. Kc1 Ke5 48. Kd2 Kf5 49. Ke2 Kg4 50. Kf2 b5 51. b4 1-0

[Event "Dimitrovgrad Petrosian Memorial op"]
[Site "Dimitrovgrad"]
[Date "2010.06.17"]
[Round "6"]
[White "Hafijtullin, Gazimbek"]
[Black "Bezvitelnov, Dmitriy"]
[Result "1-0"]
[WhiteElo "1773"]
[BlackElo "1684"]
[PlyCount "81"]
[EventDate "2010.06.12"]
[EventType "swiss"]
[EventRounds "9"]
[EventCountry "RUS"]
[SourceTitle "CBM 137 Extra"]
[Source "ChessBase"]
[SourceDate "2010.09.01"]
[SourceVersion "1"]
[SourceVersionDate "2010.09.01"]
[SourceQuality "1"]

1. e4 e5 2. c4 Nf6 3. Nc3 Nc6 4. g3 Bc5 5. Bg2 d6 6. h3 0-0 7. Nge2 Be6 8. d3 h6 9. a3 a5 10. f4 Nh7 11. f5 Bd7 12. Nd5 Ne7 13. Ne3 Bc6 14. Rf1 b5 15. b3 b4 16. a4 Bb7 17. Ng1 c6 18. Ng4 h5 19. Nh6+ Kh8 20. Qxh5 gxh6 21. Bxh6 Rg8 22. Qh4 d5 23. f6 Ng6 24. Bg7+ Rxg7 25. fxg7+ Kxg7 26. Qxd8 Rxd8 27. Ke2 d4 28. h4 Nf6 29. Bh3 Bc8 30. Bxc8 Rxc8 31. Nf3 Ng4 32. h5 Ne7 33. Ng5 Nh6 34. Rf3 Bd6 35. Raf1 f5 36. exf5 Nexf5 37. Rxf5 Nxf5 38. Rxf5 Rh8 39. g4 Re8 40. Kf3 Re7 41. Ke4 1-0

[Event "Dimitrovgrad-ch op"]
[Site "Dimitrovgrad"]
[Date "2010.03.14"]
[Round "9"]
[White "Bezvitelnov, Dmitriy"]
[Black "Suhachev, Viktor"]
[Result "1/2-1/2"]
[WhiteElo "1669"]
[BlackElo "1943"]
[PlyCount "63"]
[EventDate "2010.02.27"]
[EventType "swiss"]
[EventRounds "9"]
[EventCountry "RUS"]
[SourceTitle "EXT 2022"]
[Source "ChessBase"]
[SourceDate "2021.10.06"]
[SourceVersion "1"]
[SourceVersionDate "2021.10.06"]
[SourceQuality "1"]

1. d4 d5 2. c4 e6 3. Nc3 Nf6 4. Bg5 Be7 5. Nf3 Nbd7 6. e3 0-0 7. Be2 b6 8. 0-0 Bb7 9. h3 Ne4 10. Bxe7 Qxe7 11. Nxe4 dxe4 12. Nd2 c5 13. Qc2 Nf6 14. Nb3 cxd4 15. exd4 Rac8 16. Rac1 e5 17. d5 Bxd5 18. Qd2 Bb7 19. Rfd1 Rfd8 20. Qe3 h6 21. c5 Rxd1+ 22. Bxd1 Bd5 23. cxb6 Rxc1 24. Qxc1 axb6 25. Qe3 Qb4 26. a3 Qb5 27. Qc3 Bxb3 28. Bxb3 Kf8 29. Qc8+ Ke7 30. Qb7+ Nd7 31. Bd5 Qxb2 32. Bc6 1/2-1/2

[Event "Dimitrovgrad-ch op"]
[Site "Dimitrovgrad"]
[Date "2010.03.14"]
[Round "8"]
[White "Kurjaeva, Anastasiya"]
[Black "Bezvitelnov, Dmitriy"]
[Result "0-1"]
[WhiteElo "1770"]
[BlackElo "1669"]
[PlyCount "94"]
[EventDate "2010.02.27"]
[EventType "swiss"]
[EventRounds "9"]
[EventCountry "RUS"]
[SourceTitle "EXT 2022"]
[Source "ChessBase"]
[SourceDate "2021.10.06"]
[SourceVersion "1"]
[SourceVersionDate "2021.10.06"]
[SourceQuality "1"]

1. e4 e5 2. Nf3 Nf6 3. Nxe5 Nxe4 4. Qe2 Qe7 5. Qxe4 d6 6. Nc3 Qxe5 7. f3 Bf5 8. Qxe5+ dxe5 9. d3 Bb4 10. Bd2 Nc6 11. Nd5 Bxd2+ 12. Kxd2 0-0-0 13. Nc3 Bg6 14. g3 f5 15. Bg2 Rhe8 16. Rae1 Rd4 17. Kc1 Rd7 18. f4 Rde7 19. Bxc6 bxc6 20. fxe5 Rxe5 21. Kd2 Kd7 22. Rxe5 Rxe5 23. Re1 Kd6 24. Rxe5 Kxe5 25. Ke3 Kd6 26. Kf4 h6 27. h4 a6 28. Ne2 Bh5 29. Nd4 g6 30. Nf3 Bxf3 31. Kxf3 Ke5 32. Ke3 c5 33. c3 g5 34. hxg5 hxg5 35. d4+ cxd4+ 36. cxd4+ Kd5 37. b3 a5 38. a4 c5 39. dxc5 Kxc5 40. Kd3 Kb4 41. Kc2 f4 42. gxf4 gxf4 43. Kd3 Kxb3 44. Ke4 Kxa4 45. Kxf4 Kb3 46. Ke3 a4 47. Kd2 a3 0-1

[Event "Dimitrovgrad-ch op"]
[Site "Dimitrovgrad"]
[Date "2010.03.07"]
[Round "6"]
[White "Bezvitelnov, Dmitriy"]
[Black "Skulkin, Nikolay"]
[Result "0-1"]
[WhiteElo "1669"]
[BlackElo "1768"]
[PlyCount "54"]
[EventDate "2010.02.27"]
[EventType "swiss"]
[EventRounds "9"]
[EventCountry "RUS"]
[SourceTitle "EXT 2022"]
[Source "ChessBase"]
[SourceDate "2021.10.06"]
[SourceVersion "1"]
[SourceVersionDate "2021.10.06"]
[SourceQuality "1"]

1. d4 d5 2. c4 Nf6 3. Nc3 e6 4. Bg5 c6 5. e4 dxe4 6. Bxf6 Qxf6 7. Nxe4 Bb4+ 8. Nc3 0-0 9. Nf3 c5 10. Qd2 Nc6 11. dxc5 e5 12. Qd6 Be6 13. Qd2 Nd4 14. 0-0-0 Rad8 15. Qe3 Nxf3 16. gxf3 Rxd1+ 17. Kxd1 Rd8+ 18. Kc2 Bf5+ 19. Kb3 Bxc3 20. Qxc3 b6 21. cxb6 Qxb6+ 22. Qb4 Qc7 23. Ka3 Rb8 24. Qc3 a5 25. b3 Qc5+ 26. Kb2 Qxf2+ 27. Kc1 a4 0-1

[Event "Dimitrovgrad Teenagers op"]
[Site "Dimitrovgrad"]
[Date "2009.08.20"]
[Round "2"]
[White "Krasnojarskij, Alexander"]
[Black "Bezvitelnov, Dmitriy"]
[Result "0-1"]
[WhiteElo "1794"]
[BlackElo "1654"]
[PlyCount "48"]
[EventDate "2009.08.19"]
[EventType "swiss"]
[EventRounds "9"]
[EventCountry "RUS"]
[SourceTitle "EXT 2017"]
[Source "ChessBase"]
[SourceDate "2016.10.25"]
[SourceVersion "1"]
[SourceVersionDate "2016.10.25"]
[SourceQuality "1"]

1. e4 e5 2. Nf3 Nc6 3. c3 Be7 4. d4 d6 5. Bb5 exd4 6. Nxd4 Bd7 7. Bxc6 Bxc6 8. Nxc6 bxc6 9. Nd2 Nf6 10. f3 0-0 11. Nb3 d5 12. 0-0 dxe4 13. fxe4 Qxd1 14. Rxd1 Nxe4 15. Re1 f5 16. g4 g6 17. Nd2 Bc5+ 18. Kg2 Nxd2 19. Bxd2 fxg4 20. Kg3 Bf2+ 21. Kxg4 Bxe1 22. Bxe1 Rf1 23. Kg3 Re8 24. Rd1 Rfxe1 0-1